Las Políticas sociales de México en los años noventa /
محفوظ في:
| المؤلف الرئيسي: | |
|---|---|
| مؤلفون مشاركون: | , |
| مؤلفون آخرون: | , , , , , , , , , , , |
| التنسيق: | غير معروف |
| منشور في: |
México, D.F:
Plaza y Váldes
|
| الموضوعات: | |
| الوسوم: |
إضافة وسم
لا توجد وسوم, كن أول من يضع وسما على هذه التسجيلة!
|
MARC
| LEADER | 00000 a2200000 04500 | ||
|---|---|---|---|
| 001 | 26889 | ||
| 003 | |||
| 008 | 991231s d | ||
| 040 | |||
| 090 | |a 146505 | ||
| 100 | |a Lerner Sigal, Bertha | ||
| 110 | |a Universidad Nacional Autónoma de México | ||
| 245 | |a Las Políticas sociales de México en los años noventa / |c Universidad Nacional Autónoma de México | ||
| 260 | |a México, D.F: |b Plaza y Váldes | ||
| 300 | |a 511 p | ||
| 650 | |a MUJERES | ||
| 650 | |a PROYECTOS DE DESARROLLO | ||
| 650 | |a POLITICA SOCIAL | ||
| 650 | |a AJUSTE ESTRUCTURAL | ||
| 650 | |a CRECIMIENTO ECONOMICO | ||
| 650 | |a POBREZA | ||
| 650 | |a HISTORIA SOCIAL | ||
| 650 | |a INGRESO | ||
| 650 | |a EQUIDAD ECONOMICA | ||
| 650 | |a DEMOCRATIZACION | ||
| 650 | |a FAMILIA | ||
| 700 | |a Cordera, Rolando | ||
| 700 | |a Incháustegui, Teresa | ||
| 700 | |a Martínez F, Alicia Inés | ||
| 700 | |a Guerra Rodríguez, Carlos | ||
| 700 | |a Vilas, Carlos M. | ||
| 700 | |a Millán, René | ||
| 700 | |a Váldes Ugalde, Francisco | ||
| 700 | |a Martínez Assad, Carlos | ||
| 700 | |a Gortari, Hira de | ||
| 700 | |a Ziccardi, Alicia | ||
| 700 | |a León, Sanuel | ||
| 700 | |a Gordon Rap | ||
| 710 | |a FLACSO | ||
| 999 | |c 10305 |d 10305 | ||
